[Event "TCh-BEL 2007-8"]
[Site "Belgium BEL"]
[Date "2008.01.20"]
[Round "7"]
[White "Bauduin,E"]
[Black "Schalkx,J"]
[Result "1-0"]
[WhiteElo "2301"]
[BlackElo "2237"]

1.c4 b6 2.Nf3 Bb7 3.d4 e6 4.a3 Nf6 5.Nc3 Be7 6.d5 exd5 7.cxd5 O-O 8.e4 Re8
9.Bd3 c5 10.O-O d6 11.h3 Bf8 12.Re1 Nbd7 13.Bf4 a6 14.a4 Qc7 15.Bc4 g6 16.Bh2 Bg7
17.Qd3 Nh5 18.g4 Nhf6 19.Rad1 h5 20.e5 Nxe5 21.Nxe5 dxe5 22.g5 Nd7 23.Qxg6 fxg6
24.d6+ Kh7 25.dxc7 Nf8 26.Bd5 Bxd5 27.Nxd5 Rac8 28.f4 Ne6 29.fxe5 Nxc7 30.Nf6+ Bxf6
31.exf6 Rxe1+ 32.Rxe1 Nd5 33.Re6 Rd8 34.f7 Rf8 35.Rd6 Ne3 36.Rd7 c4 37.Bd6  1-0

[Event "Open"]
[Site "Marianske Lazne CZE"]
[Date "2008.01.22"]
[Round "4"]
[White "Golcman,E"]
[Black "Folta,J"]
[Result "1-0"]
[WhiteElo "2273"]
[BlackElo "1992"]

1.c4 b6 2.Nc3 Bb7 3.d4 e6 4.e3 f5 5.Nf3 Nf6 6.Bd3 Bb4 7.Qb3 a5 8.a3 a4 9.Qc2 Bxc3+
10.Qxc3 O-O 11.O-O Qe8 12.Nd2 Qg6 13.f3 Nc6 14.b4 Ne7 15.Bb2 b5 16.Rae1 bxc4
17.Nxc4 Ned5 18.Qc2 Ba6 19.Bc1 Qh5 20.Ne5 Bxd3 21.Nxd3 c6 22.e4 Ne7 23.Bf4 Qe8
24.Bd6 fxe4 25.fxe4 Ng4 26.Rxf8+ Qxf8 27.Nc5 Qe8 28.h3 Nf6 29.Re3 Nc8 30.Be5 Nb6
31.Rf3 Qg6 32.Kh2 Kh8 33.Qf2 Rf8 34.Bc7 Qh6 35.Bxb6 Ng4+  1-0

[Event "4th Open C Women"]
[Site "Moscow RUS"]
[Date "2008.02.08"]
[Round "7"]
[White "Kudriashova,I"]
[Black "Grabuzova,T"]
[Result "0-1"]
[WhiteElo "2192"]
[BlackElo "2392"]

1.c4 b6 2.Nc3 Bb7 3.e4 e6 4.d4 Bb4 5.f3 f5 6.exf5 Nh6 7.Bxh6 Qh4+ 8.g3 Qxh6
9.Qd2 Qxd2+ 10.Kxd2 Nc6 11.Kd3 O-O-O 12.Bh3 Kb8 13.Nge2 Rhe8 14.Rad1 Ba6
15.b3 exf5 16.Bxf5 d5 17.Kc2 Bxc3 18.Nxc3 g6 19.Bg4 dxc4 20.d5 cxb3+ 21.axb3 Nb4+
22.Kb1 Re3 23.Kb2 h5 24.Be6 Rxf3 25.Rd2 Rdf8 26.Rhd1 Re3 27.Bh3 Nd3+ 28.Kc2 Nf2
29.d6 cxd6  0-1

[Event "TCh-FIN 2007-8"]
[Site "Finland FIN"]
[Date "2008.02.09"]
[Round "6"]
[White "Parkkinen,J"]
[Black "Anttila,P"]
[Result "1/2-1/2"]
[WhiteElo "2243"]
[BlackElo "2083"]

1.c4 b6 2.Nf3 Bb7 3.g3 Nf6 4.Bg2 g6 5.b3 Bg7 6.Bb2 O-O 7.O-O d6 8.d4 Nbd7
9.Nbd2 e6 10.Qc2 c5 11.Rfd1 Qc7 12.Rac1 Rac8 13.Qb1 Qb8 14.Ne1 Rfd8 15.Ne4 Nxe4
16.Bxe4 Nf6 17.Bxb7 Qxb7 18.d5 exd5 19.Bxf6 Bxf6 20.Rxd5 b5 21.Qd3 bxc4 22.Qxc4 Rc6
23.Rc2 Rb6 24.Nd3 Re8 25.e4 Bd4 26.e5 Qb8 27.b4 dxe5 28.Rd7 Ree6 29.bxc5 Rbc6
30.Kg2 Kg7 31.Re2 Rf6 32.Qd5 Qb5 33.Rxe5 Bxe5 34.Nxe5 Rce6 35.Ng4 Re1 36.Nxf6 Qf1+
37.Kf3 Qe2+ 38.Kg2 Qf1+ 39.Kf3 Qe2+ 40.Kf4 Qxf2+ 41.Qf3 Qxa2 42.Ne4 Kh6 43.Rd2 g5+
44.Ke5 Qxd2 45.Qf6+ Kh5 46.Qxf7+ Kh6 47.Qf6+ Kh5 48.Qf7+ Kh6  1/2-1/2

[Event "TCh-HUN 2007-8"]
[Site "Budapest HUN"]
[Date "2008.02.17"]
[Round "6"]
[White "Prohaszka,P2"]
[Black "Hujbert,F"]
[Result "1/2-1/2"]
[WhiteElo "2470"]
[BlackElo "2284"]

1.c4 b6 2.d4 Bb7 3.Nc3 e6 4.a3 Nf6 5.Nf3 d5 6.cxd5 exd5 7.Qa4+ c6 8.Bg5 Be7
9.e3 O-O 10.Bd3 Nbd7 11.Ne5 b5 12.Qc2 h6 13.Bh4 Nxe5 14.dxe5 Ng4 15.Bg3 Bh4
16.f4 Bxg3+ 17.hxg3 Qb6 18.Nd1 Nxe3 19.Qe2 Nxd1 20.Rxd1 c5  1/2-1/2

[Event "10th TCh-Euro sen"]
[Site "Dresden GER"]
[Date "2008.02.19"]
[Round "9"]
[White "Gehrmann,R"]
[Black "Rasmussen,L1"]
[Result "1/2-1/2"]
[WhiteElo "1991"]
[BlackElo "2095"]

1.c4 b6 2.Nc3 Bb7 3.d4 e6 4.e3 Nf6 5.Nf3 Be7 6.Bd3 O-O 7.O-O d5 8.cxd5 exd5
9.Qc2 c5 10.b3 Nbd7 11.Bb2 Rc8 12.Qe2 Re8 13.Rfd1 Qc7 14.Rac1 Qb8 15.Bb5 Red8
16.dxc5 Nxc5  1/2-1/2

[Event "ch-ROU"]
[Site "Cluj ROU"]
[Date "2008.02.27"]
[Round "4"]
[White "Grecescu,G"]
[Black "Szabo,G ROM"]
[Result "1/2-1/2"]
[WhiteElo "2383"]
[BlackElo "2509"]

1.c4 b6 2.b3 Bb7 3.Bb2 e6 4.e3 f5 5.f4 Nf6 6.Nf3 Be7 7.Be2 O-O 8.O-O Qe8
9.Nc3 d6 10.Nd4 Bd8 11.Bf3 Nc6 12.d3 Rb8 13.Nxc6 Bxc6 14.e4 fxe4  1/2-1/2

[Event "TCh-FIN 2007-8"]
[Site "Finland FIN"]
[Date "2008.03.08"]
[Round "8"]
[White "Lehtinen,H"]
[Black "Lehtivaara,P"]
[Result "1/2-1/2"]
[WhiteElo "2359"]
[BlackElo "2402"]

1.c4 b6 2.Nc3 Bb7 3.e4 e5 4.Nge2 Nc6 5.d4 exd4 6.Nxd4 Bb4 7.Be2 Nf6 8.Nf5 g6
9.Ng3 Bxc3+ 10.bxc3 Qe7 11.O-O O-O-O 12.Re1 Rde8 13.Bf1 d6 14.a4 Na5 15.c5 dxc5
16.Bb5 Rd8 17.Qe2 Nb3 18.Rb1 Nxc1 19.Rbxc1 h5 20.Ba6 Qe5 21.a5 Rd7 22.Nf1 Rhd8
23.Ra1 c6 24.axb6 axb6 25.Bxb7+ Rxb7 26.Ra8+ Kc7 27.Rxd8 Kxd8 28.Qa6 Qc7
29.e5 Nd5 30.e6 Ke7 31.exf7+ Kxf7 32.Qe2 Qe7 33.Qd2 Qf6 34.c4 Nf4 35.Ng3 Qd4
36.Qc2 Re7 37.Rd1 Qe5 38.Qd2 h4 39.Nf1 Ne2+ 40.Kh1 Nc3 41.Rc1 Ne4 42.Qc2 Qf4
43.Kg1 h3 44.Re1 hxg2 45.Ng3 Nd2 46.Rxe7+ Kxe7 47.Kxg2 Nf3 48.Qa2 Ne5 49.Qa7+ Ke6
50.Qg7 Qf7 51.Qh8 Nxc4 52.Ne4 Ke7 53.Qb8 Qd5 54.f3 Nd6 55.Qc7+ Ke6 56.Nf2 c4
57.Qg7 Qg5+ 58.Ng4 Qd2+ 59.Kh3 Qg5 60.Kg2 Qf5 61.Qg8+ Qf7 62.Qh8 Qf5 63.Qg8+ Qf7
64.Qh8 Qf5 65.Qb2 b5 66.Qe2+ Kd7 67.Qb2 Kc7 68.Qf2 Kb7 69.Qe2 Qd3 70.Qe7+ Kb6
71.Qd8+ Kc5 72.Ne5 Qd2+ 73.Kh3 Qd5 74.Nd7+ Kb4 75.Nf6 Qe6+ 76.Kg2 Nf5 77.Qd2+ c3
78.Qg5 Ka3 79.Ne4 Qa2+ 80.Kh3 Qe2 81.Qf4 b4 82.Qc1+ Qb2 83.Qf1 Ne3 84.Qa6+ Kb3
85.Nc5+ Kc2 86.Qd3+ Kc1 87.Qxe3+ Qd2 88.Nd3+ Kc2 89.Nxb4+ Kb3 90.Qb6 Qh6+
91.Kg2 Qd2+ 92.Kg3 Qg5+ 93.Kf2 Qd2+ 94.Kg3  1/2-1/2

[Event "ch-WLS"]
[Site "Cardiff WLS"]
[Date "2008.03.22"]
[Round "2"]
[White "Davies,Ca"]
[Black "Sully,D"]
[Result "0-1"]
[WhiteElo "1857"]
[BlackElo "2112"]

1.c4 b6 2.Nc3 e6 3.e4 Bb7 4.Nge2 c5 5.g3 a6 6.Bg2 d6 7.O-O Nf6 8.d4 cxd4
9.Nxd4 Qc7 10.Qe2 Nbd7 11.Bg5 Be7 12.Rac1 O-O 13.b3 Rfe8 14.Be3 Bf8 15.Rfd1 Rac8
16.f3 Qb8 17.Qf2 d5 18.exd5 exd5 19.cxd5 Rxc3 20.Rxc3 Nxd5 21.Bf4 Nxf4 22.gxf4 Qxf4
23.Qg3 Qf6 24.Kh1 Bd6 25.Qg4 Nc5 26.Qf5 Qh4 27.Qh3 Re1+ 28.Rxe1 Qxe1+ 29.Bf1 Qxc3
30.Nc6 Ne6  0-1

[Event "39th Open"]
[Site "Mar del Plata ARG"]
[Date "2008.03.22"]
[Round "9"]
[White "Perdomo,C"]
[Black "Sandoval,T"]
[Result "1-0"]
[WhiteElo "2351"]
[BlackElo "2158"]

1.c4 b6 2.Nc3 Nf6 3.d4 Bb7 4.f3 e6 5.e4 Bb4 6.Ne2 h6 7.a3 Be7 8.Be3 Nh7 9.Qd2 d6
10.Ng3 Nd7 11.Be2 Bh4 12.O-O-O Be7 13.Nh5 Bf8 14.g4 g6 15.Ng3 Nhf6 16.h4 Ng8
17.f4 c6 18.h5 Qe7 19.hxg6 fxg6 20.e5 dxe5 21.fxe5 O-O-O 22.Qc2 c5 23.Nge4 cxd4
24.Bxd4 Kb8 25.Rh3 Bg7 26.Nd6 Nxe5 27.Nxb7 Rxd4 28.Rxd4 Kxb7 29.Qe4+ Kb8
30.Kb1 Qg5 31.c5 Nf6 32.Qg2 Nf7 33.cxb6 axb6 34.Rb4 Nd5 35.Nxd5 exd5 36.Qf2 Nd8
37.Qxb6+ Kc8 38.Qd6  1-0

[Event "FKB ch-USA Qualifier"]
[Site "Tulsa USA"]
[Date "2008.03.29"]
[Round "3"]
[White "Itkis,H"]
[Black "Bayaraa,Z"]
[Result "1/2-1/2"]
[WhiteElo "2065"]
[BlackElo "2162"]

1.c4 b6 2.d4 Bb7 3.Nc3 e6 4.a3 f5 5.d5 Na6 6.g3 Nf6 7.Bg2 Be7 8.Nf3 Nc5 9.Nd4 Qc8
10.Qc2 a5 11.b3 O-O 12.O-O Bd6 13.Rd1 Be5 14.Rb1 Na6 15.e4 fxe4 16.Nxe4 exd5
17.Nxf6+ Bxf6 18.cxd5 Nc5 19.Bf4 Re8 20.Nb5 d6 21.b4 axb4 22.axb4 Na6 23.Be4 g6
24.h4 Re7 25.Bf3 Qe8 26.Nc3 Be5 27.Bg5 Rf7 28.Bg4 Bc8 29.Bxc8 Qxc8 30.Ne2 Qg4
31.Qd2 Raf8 32.Be3 Nb8 33.Rbc1 Bf6 34.Qd3 Qxb4 35.Rc4 Qb2 36.Nf4 Nd7 37.Rc2 Qb4
38.Ne6 Nc5 39.Bxc5 bxc5 40.Rc4 Qb8 41.Rf4 Be5 42.Rxf7 Rxf7  1/2-1/2

[Event "TCh-HUN 2007-8"]
[Site "Budapest HUN"]
[Date "2008.03.30"]
[Round "9"]
[White "Horvath,Jo1"]
[Black "Meszaros,Gyu"]
[Result "1-0"]
[WhiteElo "2519"]
[BlackElo "2404"]

1.c4 b6 2.d4 e6 3.a3 Bb7 4.Nc3 f5 5.d5 Nf6 6.Nh3 Bd6 7.g3 O-O 8.Bg2 Be5 9.Bd2 Na6
10.O-O Nc5 11.Qc2 Qe8 12.Rad1 Nce4 13.Nxe4 fxe4 14.Bb4 d6 15.Ng5 a5 16.Be1 exd5
17.cxd5 Qb5 18.Bxe4 h6 19.Ne6 Rf7 20.Nxc7 Rxc7 21.Qxc7 Nxe4 22.Qxb7 Rf8 23.Bc3 Bxc3
24.bxc3 Qxe2 25.Rde1 Qc2 26.Qxb6 Ng5 27.f4 Ne4 28.Qd4 Nf6 29.Rf2 Qf5 30.c4 Rb8
31.Rb2 Rxb2 32.Qxb2 Qd3 33.Qb8+ Kf7 34.Qb7+ Kg8 35.Qb8+ Kf7 36.Qxd6 Qxc4
37.Qe6+ Kg6 38.d6 Qc5+ 39.Re3 Qc1+ 40.Kg2 Qc6+ 41.Kh3 Qc1 42.d7 Qf1+ 43.Kh4 Qd1
44.f5+ Kh7 45.Qxf6  1-0

[Event "FKB ch-USA Qualifier"]
[Site "Tulsa USA"]
[Date "2008.03.30"]
[Round "7"]
[White "Cohen,L"]
[Black "Bayaraa,Z"]
[Result "1-0"]
[WhiteElo "2022"]
[BlackElo "2162"]

1.c4 b6 2.Nf3 Bb7 3.g3 e6 4.Bg2 Nf6 5.Nc3 Be7 6.O-O O-O 7.d4 Ne4 8.Nxe4 Bxe4
9.Nh4 Bxg2 10.Nxg2 d5 11.cxd5 exd5 12.Nf4 c6 13.Be3 Nd7 14.Rc1 Nb8 15.f3 Re8
16.Bf2 Bg5 17.Rc2 Bxf4 18.gxf4 Qf6 19.e3 Nd7 20.Kh1 Re6 21.Qd3 g6 22.Qa6 Qf5
23.Rcc1 Qh3 24.Bg1 Rae8 25.Qd3 Nf6 26.Qd2 Nh5 27.Qg2 Qf5 28.Qc2 Qf6 29.Bf2 Ng7
30.Qb3 Nf5 31.Rc3 Qe7 32.Qa3 Qd7 33.b4 Nd6 34.Qc1 Nf5 35.Re1 R8e7 36.a3 a6
37.Qd2 Qe8 38.Kg1 Kg7 39.a4 h6 40.Qd3 b5 41.a5 Nd6 42.h4 Qd7 43.Kg2 Re8 44.h5 Nc4
45.e4 dxe4 46.fxe4 Rxe4 47.Rxe4 Qd5 48.hxg6 fxg6 49.Kg3 Rxe4 50.Rc2 Qf5 51.Qf3 h5
52.Re2 h4+ 53.Kg2 Rxf4 54.Qxc6 h3+ 55.Kf1 Kh6 56.Qa8 Qb1+ 57.Re1 Qd3+ 58.Kg1 Qf5
59.Qh8+ Kg5 60.Qd8+ Kg4 61.Qh4+ Kf3 62.Qg3+  1-0

[Event "4th Open"]
[Site "Rhone FRA"]
[Date "2008.04.15"]
[Round "6"]
[White "Doncea,V"]
[Black "Goossens,E"]
[Result "1-0"]
[WhiteElo "2441"]
[BlackElo "2278"]

1.c4 b6 2.e4 Bb7 3.Nc3 e6 4.g3 Bb4 5.Nge2 f5 6.Bg2 Nf6 7.d3 fxe4 8.O-O O-O
9.Bg5 Nc6 10.Nxe4 Be7 11.N4c3 Na5 12.Bxb7 Nxb7 13.d4 Nd6 14.Qd3 Qe8 15.Rad1 Qh5
16.Bxf6 Rxf6 17.Nf4 Rxf4 18.gxf4 Nxc4 19.b3 Nb2 20.Qe4 Qg4+ 21.Kh1 Rf8 22.Rd2 Qh3
23.Rg1 Bd6 24.Ne2 Ba3 25.Rb1 Rf6 26.Qg2 Qf5 27.Rbxb2 Bxb2 28.Rxb2 Rg6 29.Qf3 Qa5
30.Ng3 h5 31.Qxh5 Qe1+ 32.Kg2 Qe4+ 33.Qf3 Qxd4 34.Re2 d5 35.f5  1-0

[Event "Mayors Cup Open"]
[Site "Mumbai IND"]
[Date "2008.05.14"]
[Round "5"]
[White "Joshi,GB"]
[Black "Sriram,J"]
[Result "1-0"]
[WhiteElo "2280"]
[BlackElo "2452"]

1.c4 b6 2.Nf3 Bb7 3.g3 e6 4.Bg2 Nf6 5.O-O Be7 6.b3 d5 7.Bb2 O-O 8.e3 Nbd7
9.Nc3 dxc4 10.bxc4 c5 11.Qe2 a6 12.Ne1 Bxg2 13.Kxg2 Qc7 14.f4 Rfd8 15.g4 Qb7+
16.Qf3 Qb8 17.a4 Nf8 18.Rf2 Ng6 19.Kg1 Ra7 20.g5 Ne8 21.Ne4 Rad7 22.Ng2 Nd6
23.Nxd6 Qxd6 24.Qe4 Bf8 25.Bc3 Qc7 26.h4 Ne7 27.Be5 Qc8 28.Ra2 Nf5 29.Rb2 Nd6
30.Bxd6 Rxd6 31.Ne1 Qd7 32.Ra2 b5 33.axb5 axb5 34.cxb5 Qxb5 35.Nf3 Qb4 36.Ra4 Qb3
37.Ra7 c4 38.Rc7 Ra6 39.Qxc4 Ra1+ 40.Rf1 Rxf1+ 41.Kxf1 Qb1+ 42.Kf2 Ra8 43.Rxf7 Qa2
44.Qxa2 Rxa2 45.Rb7 g6 46.Ke2 Bg7 47.Ne5 Bxe5 48.fxe5 Ra5 49.d4 Ra2+ 50.Kf3 Rh2
51.Re7 Rh3+ 52.Ke2 Rxh4 53.Rxe6 Rg4 54.d5 Rxg5 55.d6 Kf7 56.Re7+ Kf8 57.e6 Re5
58.Rf7+ Kg8 59.d7 Rxe6 60.Rf4  1-0

[Event "XXX Nezhmetdinov Mem"]
[Site "Kazan RUS"]
[Date "2008.06.06"]
[Round "6"]
[White "Tokarev,I"]
[Black "Sharafiev,A"]
[Result "1/2-1/2"]
[WhiteElo "2223"]
[BlackElo "2398"]

1.c4 b6 2.Nc3 Bb7 3.e4 e6 4.Nge2 Nf6 5.Ng3 h5 6.h4 Bd6 7.d3 Bxg3 8.fxg3 d5
9.cxd5 exd5 10.Bg5 Qd6 11.Qf3 Nbd7 12.Be2 d4 13.Nd1 Ne5 14.Qf4 Nfg4 15.Qd2 f5
16.O-O O-O 17.Bf4 Qg6 18.exf5 Rxf5 19.Bxg4 hxg4 20.Nf2 c5 21.Ne4 Re8 22.Rae1 Nxd3
23.Qxd3 Qc6 24.Rf2 Rxe4 25.Rxe4 Qxe4 26.Qxe4 Bxe4 27.Bb8 Rd5 28.Bxa7 c4 29.Rd2 Bd3
30.Bxb6 c3 31.bxc3 dxc3 32.Rd1 c2 33.Rc1 Re5 34.a4 Re2 35.a5 Kf7 36.Bc7 Ke6
37.Bf4 Kd5 38.Ra1 Ba6 39.Ra4 Ke6 40.Bg5 Re5 41.Ra1 Kf5 42.Rc1 Re2 43.Rf1+ Ke4
44.Rf7 g6 45.Re7+ Kd3 46.Rxe2 Kxe2 47.Bh6 Bb5 48.Bg5 Bc4 49.Bh6 Ba6 50.Bg5 Ke1
51.Bh6 Bc8 52.Bg5 Bb7 53.Bh6 Ba6 54.Bg5 Bf1 55.Bh6 Be2 56.Bg5 Bd3 57.Bh6 Bc4
58.Bg5 Kd1 59.Kf2 Ba6 60.Bh6 Bc8 61.Bg5  1/2-1/2

[Event "XXX Nezhmetdinov Mem"]
[Site "Kazan RUS"]
[Date "2008.06.06"]
[Round "6"]
[White "Kudriashova,I"]
[Black "Furseev,E"]
[Result "1-0"]
[WhiteElo "2197"]
[BlackElo "1710"]

1.c4 b6 2.Nc3 Bb7 3.e4 e6 4.a3 c5 5.Nge2 g6 6.d4 Bg7 7.Nb5 d5 8.dxc5 bxc5
9.exd5 exd5 10.Bf4 Kf8 11.Nc7 g5 12.Bg3 Ne7 13.Qd2 Nf5 14.Nxa8 Nxg3 15.Nxg3 d4
16.f3 Bxa8 17.Bd3 h5 18.O-O-O Be5 19.Kb1 Bf4 20.Qc2 h4 21.Nf5 h3 22.g3 Be5
23.Be4 Nc6 24.Rhe1 f6 25.Qd2 Qb8 26.Rf1 Bc7 27.Qc2 Ne5 28.Bxa8 Qxa8 29.f4 gxf4
30.Rxf4 Nf3 31.Qe2 Ne5 32.Rff1 Qc6 33.Nh4 Kg7 34.Nf3 Rb8 35.Ka1 d3 36.Qe3 Rxb2
37.Rxd3 Nxd3 38.Qxd3 Rg2 39.Rd1 Ba5 40.Nh4 Qe8 41.Nxg2 Qe5+ 42.Ka2 hxg2 43.Rg1 Bc3
44.Rxg2 Qe1 45.Re2 Qa1+ 46.Kb3 Be5 47.h4 Qh1 48.Qd7+ Kh6 49.Qd2+ Kg7 50.Rxe5 Qb7+
51.Ka2 fxe5 52.Qg5+ Kh7 53.Qf5+ Kg8 54.Qe6+ Kh7 55.Qxe5  1-0

[Event "XIII Open"]
[Site "Balaguer ESP"]
[Date "2008.07.17"]
[Round "4"]
[White "Adel Lahchaichi,O"]
[Black "Aroshidze,L"]
[Result "0-1"]
[WhiteElo "2304"]
[BlackElo "2547"]

1.c4 b6 2.Nc3 Bb7 3.e4 e6 4.g3 c5 5.Bg2 Nf6 6.Nge2 d6 7.O-O a6 8.h3 Qc7 9.f4 Be7
10.d3 Nc6 11.Be3 Nd7 12.f5 Bf6 13.fxe6 fxe6 14.Nf4 Nf8 15.h4 Qe7 16.Bh3 Nd8
17.Rf2 Nd7 18.Nh5 O-O 19.Nxf6+ Nxf6 20.Qb3 Nd7 21.Bg5 Qe8 22.Rxf8+ Kxf8 23.Rf1+ Kg8
24.Bxd8 Rxd8 25.Na4 Bc6 26.Nc3 Rb8 27.Ne2 Ne5 28.Nf4 Bd7 29.Qd1 Qe7 30.b3 Nc6
31.Qg4 Ne5 32.Qd1 Nc6 33.Qg4 Nd4 34.Rf2 Rf8 35.Qg5 Qxg5 36.hxg5 g6 37.Kg2 Rf7
38.Ne2 Rxf2+ 39.Kxf2 Nc6 40.a3 Ne5 41.Nf4 Kf7 42.Ke3 Ke7 43.b4 Nf7 44.Bf1 Nxg5
45.Be2 Nf7 46.Ng2 Ne5 47.d4 Nc6 48.dxc5 dxc5 49.b5 axb5 50.cxb5 Nd4 51.a4 Nxe2
52.Kxe2 e5 53.Kd3 Be6 54.Ne3 Kd6 55.Kc3 h5 56.Nd1 g5 57.Kd3 h4 58.gxh4 gxh4
59.Ke3 c4  0-1

[Event "19th Czech Chladek & Tintera A Open"]
[Site "Pardubice CZE"]
[Date "2008.07.20"]
[Round "3"]
[White "Pribyl,Jo"]
[Black "Chasovnikova,E"]
[Result "0-1"]
[WhiteElo "2397"]
[BlackElo "2284"]

1.c4 b6 2.e4 Bb7 3.Nc3 e6 4.Nf3 c5 5.Bd3 Nc6 6.O-O e5 7.Nd5 Nf6 8.Re1 d6
9.a3 Be7 10.b4 O-O 11.Rb1 Bc8 12.h3 Nxd5 13.cxd5 Nd4 14.bxc5 bxc5 15.Nxd4 cxd4
16.Bc4 f5 17.d3 f4 18.f3 Bh4 19.Re2 Qg5 20.Kh1 Bg3 21.Bd2 Qh5 22.Qf1 g5 23.Be1 g4
24.Kg1 gxh3 25.Reb2 hxg2 26.Qxg2 Bh3 27.Qh1 Kh8 28.Rg2 Rab8 29.Rc1 Qxf3 30.Qxh3 Qe3+
31.Kh1 Qxc1 32.Rg1 Qe3 33.Bxg3 Rg8 34.Qh4 Qf3+ 35.Kh2 fxg3+ 36.Kh3 Rb2 37.Qf6+ Qxf6  0-1

[Event "XIII Open"]
[Site "Balaguer ESP"]
[Date "2008.07.21"]
[Round "8"]
[White "Adel Lahchaichi,O"]
[Black "Sengupta,D"]
[Result "1-0"]
[WhiteElo "2304"]
[BlackElo "2454"]

1.c4 b6 2.e4 Bb7 3.Nc3 e6 4.g3 g6 5.Bg2 Bg7 6.Nge2 Ne7 7.O-O O-O 8.d4 d6
9.d5 e5 10.Be3 Nd7 11.b4 f5 12.Qd2 Nf6 13.f3 a5 14.a3 Nh5 15.Rac1 Rf7 16.c5 axb4
17.axb4 dxc5 18.bxc5 Bf8 19.cxb6 cxb6 20.Qb2 Nc8 21.Nb5 Ra5 22.Bd2 Bc5+ 23.Kh1 Rxb5
24.Qxb5 Nd6 25.Qa4 f4 26.Bh3 Ng7 27.Qa1 fxg3 28.hxg3 Qe7 29.Kg2 h5 30.Qa4 g5
31.g4 h4 32.Bb4 Nxe4 33.fxe4 Bxb4 34.Rxf7 Kxf7 35.Ng1 Kg6 36.Nf3 Ne8 37.Qa1 Bd6
38.Qb2 Qf6 39.Rf1 Qe7 40.Qxb6 Nf6 41.Qe3 Nd7 42.Rb1 Ba6 43.Ra1 Nc5 44.Kh2 Qf6
45.Bf1 Bc8 46.Be2 Bxg4 47.Nxh4+ gxh4 48.Bxg4 Qf4+ 49.Qxf4 exf4 50.Bf3 Kf6
51.Ra8 Nb3 52.Re8 Nd4 53.Kg2 Bc7 54.Bd1 f3+ 55.Bxf3 h3+ 56.Kf2 h2 57.Bh1 Bf4
58.Rf8+ Kg5 59.Bg2 Kg4 60.Rg8+ Kh4 61.Bh1 Kh5 62.Re8 Kg4 63.e5 Bg3+ 64.Ke3 Nf5+
65.Ke4 Bh4 66.Rg8+ Bg5 67.Bf3+  1-0

[Event "Dutch Open"]
[Site "Dieren NED"]
[Date "2008.07.22"]
[Round "1"]
[White "Van der Elburg,F"]
[Black "Haast,M"]
[Result "1/2-1/2"]
[WhiteElo "2287"]
[BlackElo "2089"]

1.c4 b6 2.Nc3 Bb7 3.e4 c5 4.d3 Nc6 5.g3 g6 6.Bg2 Bg7 7.Nge2 e6 8.O-O Nge7
9.Be3 Nd4 10.Bxd4 cxd4 11.Nb5 O-O 12.Nbxd4 d5 13.exd5 exd5 14.Qd2 Qd7 15.Rad1 Rad8
16.Qc2 Rfe8 17.b4 dxc4 18.dxc4 Bxg2 19.Kxg2 Nc6 20.Nxc6 Qxc6+ 21.Kg1 Rxd1
22.Rxd1 Qf3 23.Nf4 Bd4 24.Rf1 g5 25.Qd3 Bxf2+ 26.Rxf2 Re1+ 27.Rf1 Rxf1+ 28.Qxf1 Qe3+
29.Kg2 gxf4 30.Qxf4 Qe2+ 31.Kh3 Qxa2 32.c5 Qe6+ 33.g4 bxc5 34.bxc5 Qc6 35.Qb8+ Kg7
36.Qe5+ Qf6 37.Qd5 Qf1+ 38.Kg3 Qg1+ 39.Kh3 Qf1+ 40.Kg3  1/2-1/2

[Event "Dutch Open"]
[Site "Dieren NED"]
[Date "2008.07.22"]
[Round "1"]
[White "Kabanof,N"]
[Black "Wohl,A"]
[Result "0-1"]
[WhiteElo "2132"]
[BlackElo "2384"]

1.c4 b6 2.Nf3 Bb7 3.b4 e6 4.b5 Nf6 5.Bb2 Be7 6.e3 O-O 7.Be2 d6 8.O-O Nbd7
9.d4 Ne4 10.Nfd2 f5 11.f3 Nef6 12.Qb3 Qe8 13.Nc3 Kh8 14.Bd3 Qh5 15.Rae1 d5
16.Ba3 Bxa3 17.Qxa3 a6 18.Qb3 axb5 19.Nxb5 Rac8 20.Nc3 Qg5 21.Rf2 f4 22.e4 c5
23.exd5 exd5 24.cxd5 cxd4 25.Nce4 Qxd5 26.Bc4 Qe5 27.Rfe2 Bxe4 28.Nxe4 Nc5
29.Qb5 d3 30.Bxd3 Qd4+ 31.Nf2 Nd5 32.Re8 Ne3 33.Rxf8+ Rxf8 34.Qxb6 Qc3 35.Qb1 h5
36.Bf1 Rd8 37.Rc1 Qd4 38.Qb6 Rd5 39.Qg6 Qe5 40.Bd3 Kg8 41.Be4 Rd6 42.Qh7+ Kf7
43.Nd3 Qg5 44.Nxf4 Rh6 45.Bg6+ Kf6 46.Nxh5+ Rxh5  0-1

[Event "19th Czech Chladek & Tintera A Open"]
[Site "Pardubice CZE"]
[Date "2008.07.22"]
[Round "5"]
[White "Tereick,B"]
[Black "Bove,A"]
[Result "1-0"]
[WhiteElo "2382"]
[BlackElo "2247"]

1.c4 b6 2.e4 Bb7 3.Nc3 e6 4.g3 f5 5.d3 Nf6 6.Bg2 Bc5 7.Nge2 O-O 8.O-O fxe4
9.Bg5 exd3 10.Bxb7 dxe2 11.Qxe2 Nc6 12.Bxc6 dxc6 13.Qxe6+ Kh8 14.Qxc6 Qe8
15.Qxe8 Raxe8 16.Bxf6 Rxf6 17.Rad1 c6 18.Kg2 Bb4 19.Rfe1 Rxe1 20.Rxe1 Kg8
21.Re8+ Kf7 22.Ra8 Re6 23.Rxa7+ Kf8 24.Kf3 Rf6+ 25.Ke2 Bxc3 26.bxc3 Re6+
27.Kd3 Rd6+ 28.Kc2 Rf6 29.f4 Rh6 30.h4 Rg6 31.a4 Ke8 32.c5 bxc5 33.a5 c4
34.Rb7 c5 35.Rb6 Rxg3 36.a6 Rg2+ 37.Kb1 Rg1+ 38.Kb2 Rg2+ 39.Ka3 Rg1 40.Ka4 Kd8
41.Kb5 Kc7 42.Kxc5 Ra1 43.Rb7+ Kc8 44.Rxg7 Rxa6 45.Rxh7 Rf6 46.Kxc4 Rxf4+
47.Kb5 Rf5+ 48.Kb4 Rf4+ 49.c4  1-0

[Event "Politiken Cup"]
[Site "Helsingor DEN"]
[Date "2008.07.25"]
[Round "8"]
[White "Jepson,C"]
[Black "Schultz Pedersen,J"]
[Result "1-0"]
[WhiteElo "2358"]
[BlackElo "2165"]

1.c4 b6 2.Nc3 Bb7 3.e4 e6 4.Nge2 Be7 5.g3 f5 6.d3 Nf6 7.Bg2 O-O 8.O-O fxe4
9.dxe4 e5 10.h3 Na6 11.f4 Nc5 12.fxe5 Nfxe4 13.Nd5 Rxf1+ 14.Qxf1 a5 15.Qf5 g6
16.Qg4 c6 17.Bxe4 cxd5 18.Bxd5+ Bxd5 19.cxd5 d6 20.e6 Bf6 21.Nd4 Qc7 22.Be3 Nd3
23.Rf1 Rf8 24.Nc6 Ne5 25.Nxe5 Bxe5 26.Rxf8+ Kxf8 27.h4 Bf6 28.Qe2 Be5 29.Kg2 b5
30.Kh3 b4 31.Bg5 Kg7 32.Qb5  1-0

[Event "Timisoara Cup IM"]
[Site "Timisoara ROM"]
[Date "2008.08.06"]
[Round "6"]
[White "Bogdan,D"]
[Black "Dragomirescu,R"]
[Result "1-0"]
[WhiteElo "1929"]
[BlackElo "2232"]

1.c4 b6 2.Nc3 e6 3.a3 Bb7 4.d4 d5 5.cxd5 exd5 6.Bf4 Bd6 7.Bxd6 Qxd6 8.Rc1 a6
9.Nf3 Nd7 10.e3 Ngf6 11.Bd3 O-O 12.O-O c5 13.Bb1 Rac8 14.Qd3 Rfd8 15.Qf5 Nf8
16.Rfd1 Qe6 17.Qxe6 Nxe6 18.Bf5 Rc7 19.Ne5 cxd4 20.exd4 Nf4 21.f3 g6 22.Bb1 Rxc3
23.bxc3 Ne2+ 24.Kf2 Nxc1 25.Rxc1 Nd7 26.Nd3 Kf8 27.Ke3 Ke7 28.Kd2 Kd6 29.Re1 a5
30.g4 Ba6 31.Ne5 Nxe5 32.dxe5+ Kc5 33.e6 fxe6 34.Rxe6 d4 35.Be4 dxc3+ 36.Kxc3 Rd7
37.Rc6+ Kb5 38.Rc4 Bb7 39.Bd3 Rxd3+ 40.Kxd3 Bxf3 41.Rf4 Bd1 42.g5 Bb3 43.Kc3 Be6
44.Re4  1-0

[Event "35th Open"]
[Site "Manresa ESP"]
[Date "2008.08.16"]
[Round "5"]
[White "Fernandez Madrid,C"]
[Black "Corrales Jimenez,F"]
[Result "0-1"]
[WhiteElo "2179"]
[BlackElo "2504"]

1.c4 b6 2.Nf3 Bb7 3.g3 Bxf3 4.exf3 e6 5.Bg2 c6 6.f4 g6 7.O-O Bg7 8.d4 d5
9.cxd5 cxd5 10.f5 gxf5 11.Nc3 Nf6 12.Bg5 O-O 13.f3 Nc6 14.g4 Ne7 15.Qd2 Rc8
16.Rad1 Rc4 17.h3 Ne8 18.gxf5 Bxd4+ 19.Kh1 f6 20.Bh6 Nxf5 21.Bxf8 Ng3+ 22.Kh2 Qc7
23.f4 Bxc3 24.bxc3 Nxf1+ 25.Rxf1 Kxf8 26.Kh1 Ng7 27.Rf3 Nf5 28.Bf1 Nh4 29.Rf2 Rxc3
30.Qd4 Ke7 31.Qb4+ Qc5  0-1

[Event "Jessie Gilbert Celebration Int"]
[Site "Coulsdon ENG"]
[Date "2008.08.23"]
[Round "8"]
[White "Sowray,P"]
[Black "Fowler,S"]
[Result "1-0"]
[WhiteElo "2327"]
[BlackElo "2256"]

1.c4 b6 2.d4 Bb7 3.Nc3 e6 4.a3 f5 5.Nf3 Nf6 6.d5 Be7 7.g3 Ne4 8.Nxe4 fxe4
9.Ne5 exd5 10.cxd5 Bc5 11.Bg2 Qf6 12.Ng4 Qf5 13.b4 Qxg4 14.bxc5 bxc5 15.Rb1 Ba6
16.h3 Qg6 17.Qc2 O-O 18.Bxe4 Qh5 19.Rb3 d6 20.g4 Qh4 21.Bf5 Nd7 22.O-O Nf6
23.Rg3 Rae8 24.Be6+ Kh8 25.Kg2 Bb7 26.Bf5 Nxd5 27.Kh2 Qe7 28.e3 Nf6 29.Bb2 Be4
30.Qc3 Rf7 31.Rfg1 Rg8 32.f3 Bxf5 33.gxf5 d5 34.a4 Qd6 35.Kh1 Qd7 36.Qxc5 Qxf5
37.e4 Qf4 38.Bxf6 Qxf6 39.Qxd5 Rd8 40.Qc5 Rd2 41.Qxa7 h6 42.Qb8+ Kh7 43.Qb3 Rfd7
44.Qe3 Qb2 45.R3g2 Rxg2 46.Rxg2 Qa1+ 47.Kh2 Qxa4 48.f4 Qd4 49.Re2 Qxe3 50.Rxe3 Kg6
51.Kg3 Kf6 52.Rc3 Ke7 53.Rc6 Kd8 54.Kg4 Re7 55.Kf5 Kd7 56.Rg6 Rf7+ 57.Ke5 Re7+
58.Kd5 Ke8 59.e5 Rf7 60.Ke4 Rd7 61.f5 Kf8 62.Rc6 Ke8 63.h4 Kd8 64.Rg6 Ke8
65.e6 Re7 66.Ke5 Kf8 67.h5 Re8 68.f6 gxf6+ 69.Kxf6 c5 70.Rxh6 Kg8 71.Rg6+ Kh7
72.Kf7  1-0

[Event "Jessie Gilbert Celebration Int"]
[Site "Coulsdon ENG"]
[Date "2008.08.24"]
[Round "9"]
[White "Lalic,B"]
[Black "Eggleston,D"]
[Result "1/2-1/2"]
[WhiteElo "2533"]
[BlackElo "2372"]

1.c4 b6 2.Nc3 Bb7 3.e4 e6 4.Nf3 Bb4 5.Bd3 Ne7 6.Ne2 Nbc6 7.a3 Bd6 8.Bc2 e5
9.b4 Ng6 10.Bb2 a5 11.b5 Nce7 12.h4 h5 13.d4 exd4 14.Bxd4 f6 15.O-O Be5 16.Nxe5 fxe5
17.Be3 d6 18.Bg5 Qd7 19.f4  1/2-1/2

[Event "UAE President's Cup"]
[Site "Al Ain UAE"]
[Date "2008.08.30"]
[Round "9"]
[White "Othman,A"]
[Black "Hassan,Ab"]
[Result "1-0"]
[WhiteElo "2327"]
[BlackElo "2334"]

1.c4 b6 2.Nc3 Bb7 3.d4 e6 4.a3 f5 5.d5 Nf6 6.g3 Bd6 7.Nh3 Be5 8.Bd2 O-O 9.Bg2 Na6
10.b4 c5 11.dxc6 Bxc6 12.Bxc6 dxc6 13.Rc1 Qd7 14.Bf4 Qxd1+ 15.Nxd1 Bxf4 16.Nxf4 Rfe8
17.Nd3 e5 18.Ne3 e4 19.Nb2 g6 20.O-O Kf7 21.Rfd1 Ke6 22.Rd2 c5 23.b5 Nc7
24.a4 a5 25.Rcd1 Ke7 26.Rd6 Rab8 27.Rc6 Rec8 28.Rd2 h5 29.Rdd6 Nce8 30.Re6+ Kf7
31.Rxb6 Rxb6 32.Rxb6 Rd8 33.Nbd1 Rd2 34.Nc3 Ng4 35.Nxg4 hxg4 36.Ra6 Rc2 37.Nd5 Rxc4
38.Rxa5 Rc2 39.Ra7+ Kf8 40.Nf4 g5 41.Ng6+ Kg8 42.Ne7+ Kf8 43.Nxf5  1-0